<?xml version="1.0" encoding="UTF-8"?>
<record
    xmlns:xsi="http://www.w3.org/2001/XMLSchema-instance"
    xsi:schemaLocation="http://www.loc.gov/MARC21/slim http://www.loc.gov/standards/marcxml/schema/MARC21slim.xsd"
    xmlns="http://www.loc.gov/MARC21/slim">

  <leader>00314nam a2200121Ia 4500</leader>
  <controlfield tag="008">191201s2013    xx            000 0 und d</controlfield>
  <datafield tag="100" ind1=" " ind2=" ">
    <subfield code="a">MULLINS, John W</subfield>
  </datafield>
  <datafield tag="245" ind1=" " ind2="0">
    <subfield code="a">Marketing Management: A Strategic, Decision-making Approach</subfield>
  </datafield>
  <datafield tag="260" ind1=" " ind2=" ">
    <subfield code="a">N. Delhi</subfield>
    <subfield code="b">TMH</subfield>
    <subfield code="c">2013</subfield>
  </datafield>
  <datafield tag="300" ind1=" " ind2=" ">
    <subfield code="a">551</subfield>
  </datafield>
  <datafield tag="650" ind1=" " ind2=" ">
    <subfield code="a">BBA</subfield>
  </datafield>
  <datafield tag="942" ind1=" " ind2=" ">
    <subfield code="2">ddc</subfield>
    <subfield code="c">BK</subfield>
  </datafield>
  <datafield tag="999" ind1=" " ind2=" ">
    <subfield code="c">6480</subfield>
    <subfield code="d">6480</subfield>
  </datafield>
  <datafield tag="952" ind1=" " ind2=" ">
    <subfield code="0">0</subfield>
    <subfield code="1">0</subfield>
    <subfield code="2">ddc</subfield>
    <subfield code="4">0</subfield>
    <subfield code="7">0</subfield>
    <subfield code="8">BBA</subfield>
    <subfield code="a">PIET</subfield>
    <subfield code="b">PIET</subfield>
    <subfield code="d">2016-01-21</subfield>
    <subfield code="e">KIRTI PRAKASHAN, NEW DELHI</subfield>
    <subfield code="g">725.00</subfield>
    <subfield code="k">IN3521</subfield>
    <subfield code="l">1</subfield>
    <subfield code="o">658.8 MUM</subfield>
    <subfield code="p">27934</subfield>
    <subfield code="r">2024-05-01 00:00:00</subfield>
    <subfield code="s">2024-04-22</subfield>
    <subfield code="v">500.25</subfield>
    <subfield code="w">2016-01-20</subfield>
    <subfield code="y">BK</subfield>
  </datafield>
  <datafield tag="952" ind1=" " ind2=" ">
    <subfield code="0">0</subfield>
    <subfield code="1">0</subfield>
    <subfield code="2">ddc</subfield>
    <subfield code="4">0</subfield>
    <subfield code="7">0</subfield>
    <subfield code="8">BBA</subfield>
    <subfield code="a">PIET</subfield>
    <subfield code="b">PIET</subfield>
    <subfield code="d">2016-01-21</subfield>
    <subfield code="e">KIRTI PRAKASHAN, NEW DELHI</subfield>
    <subfield code="g">725.00</subfield>
    <subfield code="k">IN3521</subfield>
    <subfield code="l">0</subfield>
    <subfield code="o">658.8 MUM</subfield>
    <subfield code="p">27935</subfield>
    <subfield code="r">2019-12-04 00:00:00</subfield>
    <subfield code="v">500.25</subfield>
    <subfield code="w">2016-01-20</subfield>
    <subfield code="y">BK</subfield>
  </datafield>
  <datafield tag="952" ind1=" " ind2=" ">
    <subfield code="0">0</subfield>
    <subfield code="1">0</subfield>
    <subfield code="2">ddc</subfield>
    <subfield code="4">0</subfield>
    <subfield code="7">0</subfield>
    <subfield code="8">BBA</subfield>
    <subfield code="a">PIET</subfield>
    <subfield code="b">PIET</subfield>
    <subfield code="d">2016-01-21</subfield>
    <subfield code="e">KIRTI PRAKASHAN, NEW DELHI</subfield>
    <subfield code="g">725.00</subfield>
    <subfield code="k">IN3521</subfield>
    <subfield code="l">3</subfield>
    <subfield code="o">658.8 MUM</subfield>
    <subfield code="p">27936</subfield>
    <subfield code="r">2024-04-22 00:00:00</subfield>
    <subfield code="s">2024-04-22</subfield>
    <subfield code="v">500.25</subfield>
    <subfield code="w">2016-01-20</subfield>
    <subfield code="y">BK</subfield>
  </datafield>
</record>
